000 01053nam a2200229 4500
005 20250403133354.0
008 250329b |||||||| |||| 00| 0 eng d
020 _a9781526498854
037 _cTextual
040 _aRTL
_cRTL
084 _aU5 R4
_qRTL
100 _aSquire, Rachael
_9751639
245 _aPolitical Geography: approaches, concepts, futures
260 _bSage
_c2024
_aLondon
300 _ax, 245p.
_bIncludes index
520 _aThis innovative and thought-provoking text will teach you about the diverse and increasingly expansive sub-discipline of geopolitics. Divided into three sections, Political Geography draws on case studies from a diverse range of scales, contexts, and demographics, to introduce you to the key Approaches, concepts, and futures of geopolitics.
650 _aPower, Order & change in world politics
_9751640
650 _aIndustrial geography
_9264540
650 _aBusiness geography
_9751641
700 _aJackman, Anna
_9751642
_eCo-author
942 _2CC
_n0
_cTB
_hU5 R4
999 _c1308305
_d1308305